Using Multivariate Statistics. (Record no. 5049)

MARC details
005 - DATE AND TIME OF LATEST TRANSACTION
control field 20250625123749.0
020 ## - INTERNATIONAL STANDARD BOOK NUMBER
International Standard Book Number 0-205-46525-0
082 ## - DEWEY DECIMAL CLASSIFICATION NUMBER
Classification number 519.53 TAB
100 ## - MAIN ENTRY--PERSONAL NAME
Author name TABACHNICK, B, G.
245 ## - TITLE STATEMENT
Title Using Multivariate Statistics.
260 ## - PUBLICATION, DISTRIBUTION, ETC.
Place of publication, distribution, etc. New York,
Name of publisher, distributor, etc. Pearson,
Date of publication, distribution, etc. 2007.
300 ## - PHYSICAL DESCRIPTION
Extent xxvii,918p.;ill.; figure, table
Other physical details Appendix, Index & Reference
Dimensions 24cm
700 ## - ADDED ENTRY--PERSONAL NAME
Other authors/Editors FIDELL, L. S.
942 ## - ADDED ENTRY ELEMENTS (KOHA)
Source of classification or shelving scheme Dewey Decimal Classification
Koha item type Books

No items available.